Introducción a la historia económica de Colombia / (Registro nro. 5320)

Detalles MARC
000 -LEADER
fixed length control field 01283nam a2200265Ia 4500
003 - CONTROL NUMBER IDENTIFIER
control field OSt
005 - DATE AND TIME OF LATEST TRANSACTION
control field 20200722103745.0
008 - FIXED-LENGTH DATA ELEMENTS--GENERAL INFORMATION
fixed length control field 191128s1979 ck gr 000 0dspa d
020 ## - INTERNATIONAL STANDARD BOOK NUMBER
International Standard Book Number 8489209162
040 ## - CATALOGING SOURCE
Original cataloging agency CO-JMCR
Transcribing agency CO-JMCR
041 0# - LANGUAGE CODE
Language code of text/sound track or separate title spa
082 04 - DEWEY DECIMAL CLASSIFICATION NUMBER
Classification number 330.9861 /
Item number T596i2
Edition number 23
100 1# - MAIN ENTRY--PERSONAL NAME
Personal name Tirado Mejia, Alvaro,
Relator term autor
9 (RLIN) 7601
245 10 - TITLE STATEMENT
Title Introducción a la historia económica de Colombia /
Statement of responsibility, etc. Alvaro Tirado Mejia
250 ## - EDITION STATEMENT
Edition statement Decimasexta edición
260 ## - PUBLICATION, DISTRIBUTION, ETC.
Place of publication, distribution, etc. Bogotá :
Name of publisher, distributor, etc. El Ancora Editores,
Date of publication, distribution, etc. 1979.
300 ## - PHYSICAL DESCRIPTION
Extent 377 páginas ;
Dimensions 16 cm.
300 ## - PHYSICAL DESCRIPTION
Dimensions
504 ## - BIBLIOGRAPHY, ETC. NOTE
Bibliography, etc. note Bibliografía: páginas 367-377.
505 0# - FORMATTED CONTENTS NOTE
Formatted contents note La conquista de América y el origen del capitalismo -- Instituciones soci-económicas de la colonia -- La escalvitud -- La tierra en al colonia El comercio en la colonia -- Impuestos --Oro y moneda en la Colonia -- Breve enfoque de los Comuneros
520 0# - SUMMARY, ETC.
Summary, etc. Este libro, editado por primera vez en 1971, se ha vuelto con el tiempo una obra de lectura obligatoria para todos aquellos que deseen estudiar los fundamentos materiales de la historia de Colombia. Comenzando con las intituciones socio-económicas que imp
650 14 - SUBJECT ADDED ENTRY--TOPICAL TERM
Topical term or geographic name entry element Economía
General subdivision Historia
Geographic subdivision Colombia
9 (RLIN) 6949
650 24 - SUBJECT ADDED ENTRY--TOPICAL TERM
Topical term or geographic name entry element Condiciones económicas
Geographic subdivision Colombia
9 (RLIN) 6839
942 ## - ADDED ENTRY ELEMENTS (KOHA)
Source of classification or shelving scheme Dewey Decimal Classification
Koha item type Books
Existencias
Withdrawn status Lost status Source of classification or shelving scheme Materials specified (bound volume or other part) Damaged status Not for loan Home library Current library Shelving location Date acquired Source of acquisition Full call number Barcode Date last seen Copy number Price effective from Koha item type
    Dewey Decimal Classification Donación--15/04/2018--     Biblioteca Pública José María del Castillo y Rada Biblioteca Pública José María del Castillo y Rada General Stacks 11/28/2019 Donación 330.9861 / T596i2 430001913 05/16/2024 Ej.1 11/28/2019 Books